Zur Geschichte der Unkräuter Mitteleuropas /

محفوظ في:

المؤلف الرئيسي: Willerding, Ulrich.

التنسيق: كتاب

اللغة: German

منشور في: Neumünster : Wachholtz ; 1986.

سلاسل: Göttinger Schriften zur Vor- und Frühgeschichte ; 22.

الموضوعات:

الوسوم: إضافة وسم

لا توجد وسوم, كن أول من يضع وسما على هذه التسجيلة!

رقم الطلب: SB613 .C36 W55

LEADER 00708nam a22002297a 4500
003 OSt
005 20251124122326.0
008 251124t1986 gw a b 001 0 ger d
020 |a 3529015229 
040 |c ARCE Library 
050 4 |a SB613 .C36  |b W55 
100 1 |a Willerding, Ulrich.  
245 1 0 |a Zur Geschichte der Unkräuter Mitteleuropas /   |c Ulrich Willerding. 
264 1 |a Neumünster :   |b Wachholtz ;   |c 1986. 
300 |a 382 p. :   |b ill. ;   |c 31 cm. 
490 0 |a Göttinger Schriften zur Vor- und Frühgeschichte ;   |v 22. 
500 |a Includes indexes. 
504 |a Bibliography: p. 348-369. 
650 0 |a Weeds -- Europe, Central -- History. 
901 |a reviewed 
942 |2 lcc  |c BK 
999 |c 49278  |d 49278